000 01037nam a2200361 a 4500
003 AR-BaBNM
005 20251128210341.0
008 082120s2002 ||||||||||||||000 | spa||
020 _a84-277-0653-7
040 _cAR-BaBNM
100 1 _aHusén, Torsten
245 0 0 _aEducación multicultural y multilingüe
260 _aMadrid
_bNarcea
_c1984
300 _a238 p.
490 0 _aEducación hoy. Estudios
500 _aContiene índice de autores p. 228-230
500 _aContiene índice de nombres p. 230-233
500 _aContiene índice temático p. 234-238
504 _aContiene bibliografía p. 215-227
650 4 _aEDUCACION MULTICULTURAL
650 4 _aMULTILINGÜISMO
650 4 _aINMIGRACION
650 4 _aPOLITICA EDUCATIVA
650 4 _aEDUCACION COMPARADA
650 4 _aPROMOCION SOCIAL
650 4 _aINTEGRACION SOCIAL
650 4 _aDEMOCRATIZACION DE LA EDUCACION
651 4 _aSuecia
653 _aINVESTIGACION EDUCATIVA
700 1 _aOpper, Susan
942 _cBK
998 _cRaquel
999 _c15085
_d15085